The tobacco atlas (Registro nro. 1993)
[ vista simple ]
| 000 -LEADER | |
|---|---|
| fixed length control field | 00781nam a2200277 a 4500 |
| 003 - CONTROL NUMBER IDENTIFIER | |
| control field | OSt |
| 005 - FECHA ULTIMA MODIFICACION | |
| control field | 20190627112542.0 |
| 008 - FIXED-LENGTH DATA ELEMENTS--GENERAL INFORMATION | |
| fixed length control field | 131105s2002 sz ||||| |||| 00| 0 eng d |
| 020 ## - INTERNATIONAL STANDARD BOOK NUMBER | |
| International Standard Book Number | 92-4156-209-9 |
| 040 ## - CATALOGING SOURCE | |
| Transcribing agency | Biblioteca Medicina |
| 041 ## - LANGUAGE CODE | |
| Language code of text/sound track or separate title | eng |
| 082 ## - DEWEY DECIMAL CLASSIFICATION NUMBER | |
| Classification number | OMS QV 137 |
| 100 1# - MAIN ENTRY--PERSONAL NAME | |
| Personal name | Mackay, Judith |
| 9 (RLIN) | 2797 |
| 110 ## - MAIN ENTRY--CORPORATE NAME | |
| Corporate name or jurisdiction name as entry element | Organizacion Mundial de la Salud |
| 9 (RLIN) | 1006 |
| 245 04 - TITLE STATEMENT | |
| Title | The tobacco atlas |
| 250 ## - EDITION STATEMENT | |
| Edition statement | 1° ed. |
| 260 ## - PUBLICATION, DISTRIBUTION, ETC. (IMPRINT) | |
| Place of publication, distribution, etc | Ginebra |
| Name of publisher, distributor, etc | Organizacion Mundial de la Salud |
| Date of publication, distribution, etc | 2002 |
| 300 ## - PHYSICAL DESCRIPTION | |
| Extent | 128 p. |
| 500 ## - GENERAL NOTE | |
| General note | Baja Depósito Caja 33 Junio 2019 |
| 546 ## - LANGUAGE NOTE | |
| Language note | Texto en ingles |
| 653 ## - INDEX TERM--UNCONTROLLED | |
| Uncontrolled term | TABACO |
| 653 ## - INDEX TERM--UNCONTROLLED | |
| Uncontrolled term | TABAQUISMO |
| 700 10 - ADDED ENTRY--PERSONAL NAME | |
| Personal name | Eriksen, Michael |
| 9 (RLIN) | 2798 |
| 856 ## - ELECTRONIC LOCATION AND ACCESS | |
| Link text | http://www.who.int/ipcs/publications/ehc/ehc_numerical/en/index.html |
| 942 ## - ADDED ENTRY ELEMENTS (KOHA) | |
| Source of classification or shelving scheme | Dewey Decimal Classification |
| Koha item type | Hemeroteca |
| Withdrawn status | Lost status | Fuente de clasificación | Damaged status | Use restrictions | Not for loan | Colección | Ubicación permanente | Ubicación actual | Sala de ubicación | Fecha de adquisición | Total Checkouts | Número de clasificación | Código de barras | Date last seen | Número de ejemplar | Price effective from | Koha tipo de elemento (item) |
|---|---|---|---|---|---|---|---|---|---|---|---|---|---|---|---|---|---|
| Dewey Decimal Classification | Restricted Access | Not For Loan | Non-fiction | Biblioteca Medicina | Biblioteca Medicina | Circulación | 05/11/2013 | OMS QV 137 | H0244 | 06/11/2014 | Ej. 1 | 05/11/2013 | Hemeroteca |